Statistics for Highest World Capitals

Click here to take the quiz!

General Stats

  • This quiz has been taken 47 times
  • The average score is 5 of 10

Answer Stats

Elevation City % Correct
3,640La Paz
90%
2,850Quito
81%
2,625Bogota
71%
2,334Thimphu
62%
2,750Sucre
52%
2,240Mexico City
38%
1,830Tehran
33%
2,355Addis Ababa
29%
2,325Asmara
19%
2,250Sana'a
14%

Score Distribution

Percentile by Number Answered

Percent of People with Each Score

Your Score History

You have not taken this quiz